[Event "Umea Bjorkstad op"]
[Site "Umea"]
[Date "2015.10.30"]
[Round "1"]
[White "Forsberg, Mikael"]
[Black "Ernst, Thomas"]
[Result "0-1"]
[WhiteElo "1787"]
[BlackElo "2336"]
[PlyCount "58"]
[EventDate "2015.10.30"]
[EventType "tourn"]
[EventRounds "8"]
[EventCountry "SWE"]
[SourceTitle "CBM 169 Extra"]
[Source "ChessBase"]
[SourceDate "2015.12.18"]
[SourceVersion "1"]
[SourceVersionDate "2015.12.18"]
[SourceQuality "1"]

1. c4 g6 2. Nc3 Bg7 3. g3 c5 4. e3 Nc6 5. Bg2 Nh6 6. Nge2 Nf5 7. 0-0 0-0 8. a3 a5 9. Qc2 d6 10. Rb1 Bd7 11. b3 Rb8 12. Bb2 e5 13. Nd5 b5 14. cxb5 Rxb5 15. Nec3 Rb8 16. Ba1 h5 17. Ne4 Be6 18. Ndc3 Rc8 19. Nb5 Nce7 20. f4 Bd5 21. fxe5 dxe5 22. Nec3 Bxg2 23. Kxg2 Qd7 24. a4 Rfd8 25. Rfd1 h4 26. Ne4 hxg3 27. Nxg3 Nh4+ 28. Kf2 Qh3 29. Qe4 Qxh2+ 0-1